000 00714nam a22002297a 4500
005 20250819094020.0
008 250819b |||||||| |||| 00| 0 eng d
020 _a978-977-735-887-3 (pbk)
037 _cTB
040 _aAL
_cAL
041 _2ARB
_aARB
084 _aO28,1x Q8
_bAL
100 _aSadiq, Aiman
_9818070
245 _aDeewan al-ansari al-amaal al-kamila lil shair al-kabeer
260 _aAlexandria, Egypt:
_bDarul wafa,
_c2019.
300 _a468p.
365 _b2400.00
_cINR
650 _aArabic Literature
650 _aArabic Poetry
942 _2CC
_cTB
_hO28,1x Q8
_n0
999 _c1434789
_d1434789